Statistiques concernant Effectif Juventus 2019/2020

Cliquez ici pour prendre le quiz!

Statistiques générales

  • Ce quiz a été pris 78 fois
  • Le résultat moyen est 18 sur 26

Statistiques - réponses

Poste Numéro Joueurs Pays % Correct
MIL14Blaise MatuidiFrance
94%
ATT7Cristiano RonaldoPortugal
94%
ATT10Paulo DybalaArgentine
92%
GAR77Gianluigi BuffonItalie
89%
DEF3Giorgio ChielliniItalie
87%
DEF19Leonardo BonucciItalie
87%
MIL5Miralem PjanićBosnie-Herzégovine
84%
MIL25Adrien RabiotFrance
84%
ATT21Gonzalo HiguainArgentine
84%
MIL6Sami KhediraAllemagne
82%
DEF4Matthijs de LigtPays-Bas
81%
MIL8Aaron RamseyPays de Galles
81%
ATT17Mario MandžukićCroatie
79%
MIL16Juan Guillermo CuadradoColombie
79%
DEF12Alex SandroBrésil
76%
ATT11Douglas CostaBrésil
69%
MIL23Emre CanAllemagne
66%
MIL30Rodrigo BentancurUruguay
53%
ATT33Federico BernardeschiItalie
52%
GAR1Wojciech SzczęsnyPologne
52%
DEF24Daniele RuganiItalie
50%
DEF2Mattia De SciglioItalie
48%
DEF13DaniloBrésil
47%
GAR22Mattia PerinItalie
47%
DEF28Merih DemiralTurquie
37%
GAR31Carlo PinsoglioItalie
27%

Distribution des résultats

Percentile par nombre de réponses

% des personnes avec chaque résultat

Votre développement - résultats

Vous n’avez pas pris ce quiz